000 00759nam a2200241 i 4500
001 68615
003 ES-MaACL
005 20240221063028.0
007 t|
008 040702q19001930sp ||||1| spa d
080 _a398.2(46)"19"
080 _a821.134.2-34"19"
100 1 _aGay, Vicente,
_d1876-1949
_956113
245 1 3 _aEl castillo de las águilas
_b: leyendas y realidades del campo en el siglo XX /
_cVicente Gay.
260 _aMadrid :
_b[s.n.],
_c[19-?] (
_fG. Hernámdez y Galo Sèz)
300 _a212 p. ;
_c20 cm.
490 1 _aBiblioteca "Bergamin"
650 4 _aLeyendas-
_zEspaña.
_914378
830 0 _aBiblioteca "Bergamin"
_9186723
852 _aES-MaACL
_jF-9221
852 _aES-MaACL
_jF-7646
999 _c68615
_d68615